000
00278nam a2200121Ia 4500
005
20251222154328.0
008
251222s9999||||xx |||||||||||||| ||spa||
020
_a
84-306-2176-8
082
_a
372.4/I78
100
_a
"Iser, Wolfgang"
245
0
_a
EL acto de leer
942
_c
LIB
999
_c
34059
_d
34059